Despertador christiano quadragesimal de sermones doctrinales para todos los días de quaresma con remisiones copiosas ...

Detalles Bibliográficos
Autor principal: BARCIA Y ZAMBRANA, José
Formato: Libro
Publicado: Madrid 1724
Edición:3a imp.
Materias:
Colección:Banco de datos
Acervo:Biblioteca del Ex Convento de Nuestra Señora de Guadalupe. Zacatecas
Descripción Física:t. III
Tema general:Homilética
Notas:Regular. XII,13,9, (4399)
LEADER 00787nam a22002170004500
035 |a 45532 
036 |a 6716 
100 1 |a BARCIA Y ZAMBRANA, José 
245 1 0 |a Despertador christiano quadragesimal de sermones doctrinales para todos los días de quaresma con remisiones copiosas ... 
250 |a 3a imp. 
260 |a Madrid  |b imp. Blas Román  |c 1724 
300 |a t. III 
500 |a Regular. XII,13,9, (4399) 
650 1 0 |a Homilética 
949 |a CRZ-CG 
959 |a Ex convento de Nuestra Señora de Guadalupe, Museo Regional de Zacatecas, Zacatecas  |b CCC4 
960 |a Convento de Nuestra Señora de Guadalupe, Zacatecas  |b DD87 
961 |a Franciscana  |b OF 
942 |c CRZ-CG 
943 |g Biblioteca del Ex Convento de Nuestra Señora de Guadalupe. Zacatecas 
999 |c 969659  |d 969659